| 000 | 00761nam a2200253Ia 4500 | ||
|---|---|---|---|
| 003 | OSt | ||
| 005 | 20220918223435.0 | ||
| 006 | a|||||r|||| 00| 0 | ||
| 007 | ta | ||
| 008 | 220917b |||||||| |||| 00| 0 eng d | ||
| 024 | _a222,637 | ||
| 037 | _cTextual | ||
| 040 |
_aARTS _cARTS _beng |
||
| 041 |
_2eng _aeng |
||
| 082 | _aP0gY:1, P5 | ||
| 100 |
_aKiesling Scott F. Ed. _9145729 |
||
| 245 | 0 |
_aIntercultural discourse and communication _b the essential readings |
|
| 260 |
_aU.S.A. _bBlackwell Pub. _c2005 |
||
| 300 |
_axvi,330p. _ccm. |
||
| 650 | _aLINGUISTICS | ||
| 700 |
_a Paulston Christina Bratt Ed. _9145730 |
||
| 942 |
_hP0gY:1, P5 _cTEXL _2CC |
||
| 999 |
_c278451 _d278451 |
||